|
|
|
|
| LEADER |
00000nrm a2200000 a 4500 |
| 001 |
026399 |
| 003 |
UAHC_CL |
| 005 |
20200622193301.0 |
| 008 |
150807s cl j 000 1 spa |
| 952 |
|
|
|0 0
|1 0
|2 ddc
|4 0
|6 BORRADOR_01
|7 0
|9 53271
|a BC
|b BC
|c Reserva
|d 2018-01-23
|e DIRECTA
|l 549
|m 4
|o BORRADOR-01
|p 5960
|r 2026-05-04 18:44:33
|s 2026-05-04
|t 1
|w 2017-08-03
|y OM
|
| 952 |
|
|
|0 0
|1 0
|4 0
|6 BORRADOR_02
|7 0
|9 53272
|a BC
|b BC
|c Reserva
|d 2018-01-23
|e DIRECTA
|l 151
|m 1
|o BORRADOR-02
|p 11026
|r 2019-01-21 00:00:00
|s 2019-01-21
|t 1
|w 2017-08-03
|y OM
|
| 952 |
|
|
|0 0
|1 0
|4 0
|6 BORRADOR_03
|7 0
|9 53273
|a BC
|b BC
|c Reserva
|d 2018-01-23
|e DIRECTA
|l 828
|m 4
|o BORRADOR-03
|p 11023
|r 2026-01-19 00:00:00
|s 2025-09-08
|t 1
|w 2017-08-03
|y OM
|
| 952 |
|
|
|0 0
|1 0
|4 0
|6 BORRADOR_04
|7 0
|9 53274
|a BC
|b BC
|c Reserva
|d 2018-01-23
|e DIRECTA
|l 1130
|m 9
|o BORRADOR-04
|p 11022
|r 2026-05-04 13:48:10
|s 2026-05-04
|t 1
|w 2017-08-03
|y OM
|
| 952 |
|
|
|0 0
|1 0
|4 0
|6 BORRADOR_05
|7 0
|9 53275
|a BC
|b BC
|c Reserva
|d 2018-01-23
|e DIRECTA
|l 894
|m 7
|o BORRADOR-05
|p 11025
|r 2026-05-04 14:56:26
|s 2026-05-04
|t 1
|w 2017-08-03
|y OM
|
| 952 |
|
|
|0 0
|1 0
|4 0
|6 BORRADOR_01
|7 0
|9 98204
|a BS
|b BS
|c Referencia
|d 2023-05-29
|e Compra
|l 8
|o BORRADOR-01
|p 6289
|r 2026-01-19 00:00:00
|s 2023-11-23
|t 1
|w 2023-05-29
|y OM
|
| 952 |
|
|
|0 0
|1 0
|4 0
|6 BORRADOR_02
|7 0
|9 98205
|a BS
|b BC
|c Referencia
|d 2023-05-29
|e Compra
|l 22
|o BORRADOR-02
|p 6290
|r 2026-01-19 00:00:00
|s 2024-12-05
|t 2
|w 2023-05-29
|y OM
|
| 952 |
|
|
|0 0
|1 0
|2 ddc
|4 0
|6 BORRADOR_03
|7 0
|9 98206
|a BR
|b BR
|c Referencia
|d 2023-05-29
|e Compra
|l 77
|m 1
|o BORRADOR-03
|p 6291
|r 2026-04-30 16:33:47
|s 2026-04-30
|t 3
|w 2023-05-29
|y OM
|
| 952 |
|
|
|0 0
|1 0
|4 0
|6 BORRADOR_04
|7 0
|9 98207
|a BS
|b BS
|c Referencia
|d 2023-05-29
|e Compra
|l 39
|m 1
|o BORRADOR-04
|p 6292
|r 2026-01-19 00:00:00
|s 2024-12-12
|t 4
|w 2023-05-29
|y OM
|
| 952 |
|
|
|0 0
|1 0
|4 0
|6 BORRADOR_05
|7 0
|9 98208
|a BS
|b BS
|c Referencia
|d 2023-05-29
|e Compra
|l 66
|o BORRADOR-05
|p 6293
|r 2026-01-19 00:00:00
|s 2024-12-05
|t 5
|w 2023-05-29
|y OM
|
| 952 |
|
|
|0 0
|1 0
|4 0
|6 BORRADOR_06
|7 0
|9 98209
|a BS
|b BS
|c Referencia
|d 2023-05-29
|e Compra
|l 109
|o BORRADOR-06
|p 6294
|r 2026-01-19 00:00:00
|s 2024-12-02
|t 6
|w 2023-05-29
|y OM
|
| 952 |
|
|
|0 0
|1 0
|4 0
|6 BORRADOR_07
|7 0
|9 98210
|a BS
|b BS
|c Referencia
|d 2023-05-29
|e Compra
|l 19
|o BORRADOR-07
|p 6295
|r 2026-01-19 00:00:00
|s 2023-11-14
|t 7
|w 2023-05-29
|y OM
|
| 952 |
|
|
|0 0
|1 0
|4 0
|6 BORRADOR_08
|7 0
|9 98211
|a BS
|b BS
|c Referencia
|d 2023-05-29
|e Compra
|l 11
|o BORRADOR-08
|p 6296
|r 2026-01-19 00:00:00
|s 2024-10-24
|t 8
|w 2023-05-29
|y OM
|
| 952 |
|
|
|0 0
|1 0
|4 0
|6 BORRADOR_06
|7 0
|8 COMP
|9 98363
|a BC
|b BC
|c Reserva
|d 2023-06-19
|l 224
|m 1
|o BORRADOR-06
|p 6170
|r 2026-04-30 19:07:56
|s 2026-04-30
|t 1
|w 2023-06-19
|y OM
|
| 952 |
|
|
|0 0
|1 0
|2 ddc
|4 0
|6 BORRADOR_06
|7 0
|8 COMP
|9 100521
|a BC
|b BC
|c Reserva
|d 2023-06-19
|l 196
|m 3
|o BORRADOR-06
|p 5964
|r 2026-04-30 13:00:21
|s 2026-04-30
|t 1
|w 2023-06-19
|y OM
|
| 999 |
|
|
|c 26399
|d 26399
|
| 040 |
|
|
|a UAHC_CL
|c UAHC_CL
|d UAHC_CL
|
| 245 |
1 |
0 |
|a Borrador de pizarra
|
| 900 |
|
|
|a BORRADOR
|
| 942 |
|
|
|c OM
|